Macroeconomics : a contemporary introduction

This very successful textbook is distinguished by a superior writing style that draws upon common reader experiences to introduce economic concepts, making economic theory more accessible and interesting. "Case Studies" and numerous examples take advantage of readers' intuitive knowle...

Disgrifiad llawn

Wedi'i Gadw mewn:
Manylion Llyfryddiaeth
Fformat: Llyfr
Iaith:Undetermined
Cyhoeddwyd: Australia,Mason, Ohio South-Western/Thomson Learning 2004
Pynciau:
Tagiau: Ychwanegu Tag
Dim Tagiau, Byddwch y cyntaf i dagio'r cofnod hwn!
Thư viện lưu trữ: Trung tâm Học liệu Trường Đại học Cần Thơ
LEADER 01328nam a2200217Ia 4500
001 CTU_153024
008 210402s9999 xx 000 0 und d
020 |c 53.08 
082 |a 339 
082 |b M174 
245 0 |a Macroeconomics : 
245 2 |b a contemporary introduction 
245 0 |c Paul Crompton...[et al.] 
260 |a Australia,Mason, Ohio 
260 |b South-Western/Thomson Learning 
260 |c 2004 
520 |a This very successful textbook is distinguished by a superior writing style that draws upon common reader experiences to introduce economic concepts, making economic theory more accessible and interesting. "Case Studies" and numerous examples take advantage of readers' intuitive knowledge of economics, building upon real-life situations. A streamlined design places pedagogy and illustrations directly within the flow of the text, making them less distracting and more useful for readers. A fully integrated program of technology enhancements sets this text apart by pairing the book with numerous online multimedia learning tools that have been developed to help the text better serve a wide range of learning styles. 
650 |a Macroeconomics,Kinh tế vĩ mô 
650 |x Textbooks,Sách giáo khoa 
904 |i Năm 
980 |a Trung tâm Học liệu Trường Đại học Cần Thơ